[Event "ROM-ch U10"]
[Site "Calimanesti"]
[Date "2015.04.03"]
[Round "6"]
[White "Ionescu, Luca"]
[Black "Bigu, Bogdan Stefan"]
[Result "1/2-1/2"]
[WhiteElo "1001"]
[BlackElo "1060"]
[PlyCount "28"]
[EventDate "2015.03.30"]
[EventType "swiss"]
[EventRounds "9"]
[EventCountry "ROU"]
[SourceTitle "CBM 165 Extra"]
[Source "ChessBase"]
[SourceDate "2015.04.21"]
[SourceVersion "1"]
[SourceVersionDate "2015.04.21"]
[SourceQuality "1"]

1. e4 e5 2. Nf3 Nc6 3. Nc3 Bc5 4. Nxe5 Nxe5 5. d4 Qe7 6. dxc5 Qxc5 7. Qd5 Qe7 8. Bf4 d6 9. Bb5+ c6 10. Ba4 Bd7 11. Qd2 Nf6 12. 0-0 0-0 13. Rae1 Nc4 14. Qe2 Rae8 1/2-1/2

[Event "ROM-ch U10"]
[Site "Calimanesti"]
[Date "2015.03.31"]
[Round "2"]
[White "Ferentiu, Raul Florin"]
[Black "Bigu, Bogdan Stefan"]
[Result "1-0"]
[WhiteElo "1282"]
[BlackElo "1060"]
[PlyCount "117"]
[EventDate "2015.03.30"]
[EventType "swiss"]
[EventRounds "9"]
[EventCountry "ROU"]
[SourceTitle "CBM 165 Extra"]
[Source "ChessBase"]
[SourceDate "2015.04.21"]
[SourceVersion "1"]
[SourceVersionDate "2015.04.21"]
[SourceQuality "1"]

1. e4 e5 2. Nf3 Nc6 3. Bc4 Bc5 4. d3 Nf6 5. Bg5 Be7 6. Nc3 d6 7. h3 h6 8. Bh4 Bd7 9. 0-0 0-0 10. d4 Qe8 11. dxe5 dxe5 12. Qe2 Nh5 13. Bxe7 Qxe7 14. Rad1 Rad8 15. Qe3 a6 16. Nd5 Qe6 17. Nb6 Qe7 18. Nxd7 Rxd7 19. Rd2 Rxd2 20. Qxd2 Rd8 21. Qe2 Nf4 22. Qe3 Qb4 23. Qb3 b5 24. Bxf7+ Kh7 25. Qxb4 Nxb4 26. Bb3 Nc6 27. c3 a5 28. Rd1 Rxd1+ 29. Bxd1 Ne6 30. Bc2 b4 31. Ba4 Ncd8 32. Nxe5 Nc5 33. Bc2 Nde6 34. Nc6 bxc3 35. bxc3 Nb7 36. e5+ Kg8 37. Bb3 Kf7 38. Nd4 Nbc5 39. Nxe6 Nxe6 40. Kf1 Ke7 41. Bxe6 Kxe6 42. f4 c5 43. c4 g5 44. fxg5 hxg5 45. Ke2 Kxe5 46. Ke3 a4 47. a3 Kf5 48. g3 g4 49. h4 Ke5 50. h5 Kf5 51. h6 Kg6 52. Kf4 Kxh6 53. Kxg4 Kg6 54. Kf4 Kf6 55. g4 Ke6 56. g5 Kf7 57. Kf5 Ke7 58. Ke5 Kf7 59. Kd5 1-0

[Event "ROM-ch U08"]
[Site "Calimanesti"]
[Date "2014.04.11"]
[Round "7"]
[White "Demeter, Octavian"]
[Black "Bigu, Bogdan Stefan"]
[Result "0-1"]
[WhiteElo "1001"]
[BlackElo "1001"]
[PlyCount "25"]
[EventDate "2014.04.06"]
[EventType "swiss"]
[EventRounds "9"]
[EventCountry "ROU"]
[SourceTitle "CBM 160 Extra"]
[Source "ChessBase"]
[SourceDate "2014.07.01"]
[SourceVersion "1"]
[SourceVersionDate "2014.07.01"]
[SourceQuality "1"]

1. e4 e5 2. Nf3 Nc6 3. Bb5 f6 4. d3 Na5 5. Bd2 c6 6. Bxa5 Qxa5+ 7. Nc3 cxb5 8. 0-0 b4 9. Nd5 Ne7 10. Nxe7 Bxe7 11. Nd2 0-0 12. Nc4 Qc7 13. d4 0-1

[Event "ROM-ch U08"]
[Site "Calimanesti"]
[Date "2014.04.09"]
[Round "5"]
[White "Vezentan, Tudor"]
[Black "Bigu, Bogdan Stefan"]
[Result "1-0"]
[WhiteElo "1001"]
[BlackElo "1001"]
[PlyCount "71"]
[EventDate "2014.04.06"]
[EventType "swiss"]
[EventRounds "9"]
[EventCountry "ROU"]
[SourceTitle "CBM 160 Extra"]
[Source "ChessBase"]
[SourceDate "2014.07.01"]
[SourceVersion "1"]
[SourceVersionDate "2014.07.01"]
[SourceQuality "1"]

1. e4 e5 2. Nf3 f6 3. Nc3 c6 4. d4 d5 5. exd5 cxd5 6. dxe5 fxe5 7. Nxe5 d4 8. Nb5 Qd5 9. Qe2 Be6 10. Nc7+ Kd8 11. Nxd5 Bxd5 12. Qb5 Bc6 13. Qc4 b5 14. Qe6 Nd7 15. Nf7+ Kc8 16. Nxh8 Kb7 17. Qxg8 Bb4+ 18. Bd2 Bxd2+ 19. Kxd2 Rxg8 20. Nf7 Bd5 21. Nd6+ Kc6 22. c4 Bxc4 23. Nxc4 bxc4 24. Bxc4 Rd8 25. b4 Nb6 26. Bd3 h5 27. b5+ Kc5 28. Rhc1+ Kb4 29. Rc2 Na4 30. Rb1+ Ka3 31. Bc4 Nc5 32. Rcb2 Ka4 33. b6 axb6 34. Rxb6 Ne4+ 35. Kc1 d3 36. Ra6# 1-0